MAGNET: Mapping Agencies Generalisation NETwork (Record no. 72780)

MARC details
000 -LEADER
fixed length control field 01381cam a2200229 4500
001 - CONTROL NUMBER
control field ABS66703
008 - FIXED-LENGTH DATA ELEMENTS--GENERAL INFORMATION
fixed length control field 030529n2003 000 0 eng u
035 ## - SYSTEM CONTROL NUMBER
System control number (Sirsi) u122455
100 ## - MAIN ENTRY--PERSONAL NAME
Personal name Woodsford, P.
245 ## - TITLE STATEMENT
Title MAGNET: Mapping Agencies Generalisation NETwork
260 ## - PUBLICATION, DISTRIBUTION, ETC.
Date of publication, distribution, etc. 2003
490 ## - SERIES STATEMENT
Series statement Geo Informatics
Volume/sequential designation (6) April/May 2003, 20-23(4)
520 ## - SUMMARY, ETC.
Summary, etc. Discusses developments in generalisation with reference to the Mapping Agencies Generalisation NETwork (MAGNET) project and other initiatives. Provides a background on generalisation and argues the case for automating the generalisation process. Looks at early attempts at multi-scale production and identifies a number of organisational and business factors that are raising the profile of generalisation such as the Infrastructure for Spatial Information in Europe Initiative (INSPIRE). Examines technical considerations including multi-level agents and highlights current achievements in Denmark, France and Germany. Concludes with a report on the MAGNET project that aims to consolidate and extend current generalisation capabilities in line with members' business requirements. Includes project websites.
590 ## - LOCAL NOTE (RLIN)
Local note ABS
650 ## - SUBJECT ADDED ENTRY--TOPICAL TERM
Topical term or geographic name entry element MAPPING
650 ## - SUBJECT ADDED ENTRY--TOPICAL TERM
Topical term or geographic name entry element GEOGRAPHIC INFORMATION
650 ## - SUBJECT ADDED ENTRY--TOPICAL TERM
Topical term or geographic name entry element DATA CAPTURE
650 ## - SUBJECT ADDED ENTRY--TOPICAL TERM
Topical term or geographic name entry element CARTOGRAPHY
650 ## - SUBJECT ADDED ENTRY--TOPICAL TERM
Topical term or geographic name entry element MAP SCALES
690 ## - LOCAL SUBJECT ADDED ENTRY--TOPICAL TERM (OCLC, RLIN)
Topical term or geographic name as entry element Geomatics
9 (RLIN) 6242
942 ## - ADDED ENTRY ELEMENTS (KOHA)
Suppress in OPAC 0
Holdings
Withdrawn status Lost status Source of classification or shelving scheme Damaged status Not for loan Home library Current library Shelving location Date acquired Total Checkouts Full call number Barcode Date last seen Copy number Price effective from Koha item type
    Dewey Decimal Classification     London London Journal article 29/05/2003   ABS66703 122455-1001 06/08/2019 1 06/08/2019 Journal article